000 00337nam a2200133Ia 4500
005 20251222144805.0
008 251222s9999||||xx |||||||||||||| ||spa||
020 _a84-7738-223-9
082 _a025.094.6/R84
100 _aRos García, Juan
245 0 _aPolíticas de Información y Documentación
264 _bSíntesis
942 _cLIB
999 _c19880
_d19880